Rocket League Goal Explosions - Statistics

General Stats
  • This quiz has been taken 40 times
  • The average score is 19 of 249
Answer Stats
Hint Answer % Correct
Black Market Dueling Dragons
74%
Black Market Dueling Dragons: Anodized
65%
Black Market Dueling Dragons: Yin & Yang
65%
Legacy Standard Green
50%
Legacy Standard Orange
50%
Legacy Standard Pink
50%
Legacy Standard Purple
50%
Black Market Atomizer
38%
Import Reaper
32%
Black Market Hellfire
29%
Base Classic
26%
Black Market Fireworks
26%
Black Market Sub-Zero
26%
Black Market Sub-Zero: Gilded
26%
Black Market Party Time
24%
Black Market Party Time: Noire
24%
Luxury Poof
24%
Black Market Toon
24%
Luxury Big Splash
21%
Exotic Butterflies
21%
Luxury Gold
21%
Black Market Popcorn
21%
Black Market Air Strike
18%
Import Batman
18%
Import Batman 1989
18%
Exotic Beach Party
18%
Base | Luxury Bronze
18%
Black Market Buffy-Sugo
18%
Exotic Butterflies Gilded
18%
Luxury Champion
18%
Luxury Diamond
18%
Luxury Platinum
18%
Luxury Silver
18%
Import The Batman
18%
Luxury Ballistic
15%
Luxury Brimstone
15%
Luxury Grand Champion
15%
Exotic Hand Heart
15%
Black Market Juiced
15%
Luxury Supersonic Legend
15%
Luxury Cosmosis
12%
Black Market Electroshock
12%
Luxury Ice Age
12%
Deluxe Nike FC 2022
12%
Luxury Overgrowth
12%
Black Market Paper Dragon
12%
Black Market Shattered
12%
Black Market Solar Flare
12%
Exotic T. Rex
12%
Black Market Voxel
12%
Black Market Bubble Gum
9%
Black Market Carbonator
9%
Exotic Ghost
9%
Exotic Ghost 2023
9%
Luxury Hot Wheels
9%
Exotic Ka-chow
9%
Black Market Meteor Storm
9%
Black Market Mic Drop
9%
Luxury Mister Monsoon
9%
Luxury Nomster
9%
Exotic NRG
9%
Exotic NRG 2023
9%
Luxury Riser
9%
Luxury Zero's World
9%
Exotic Aquarium
6%
Exotic Dignitas
6%
Exotic Dignitas 2023
6%
Exotic Furia
6%
Exotic Furia 2023
6%
Black Market Get Over Here!
6%
Black Market Gravity Bomb
6%
Black Market Hades Bomb
6%
Import Happy Holidays
6%
Exotic Moist 2023
6%
Black Market Nuero-Agitator
6%
Black Market Polyhedral
6%
Black Market Poly Pop
6%
Black Market Shade Raid
6%
Black Market Singularity
6%
Exotic Spacestation Gaming
6%
Exotic Spacestation Gaming 2023
6%
Exotic Team BDS
6%
Exotic Team BDS 2023
6%
Exotic Team Falcons 2023
6%
Exotic Team Vitality
6%
Exotic Team Vitality 2023
6%
Exotic TP
6%
Exotic AC Milan
3%
Exotic Adidas
3%
Luxury Calculated
3%
Luxury Chequered Flag
3%
Black Market Digiglobe
3%
Black Market Disco Party
3%
Exotic Endpoint
3%
Exotic Endpoint 2023
3%
Base Eyescore
3%
Exotic Faze Clan
3%
Exotic Faze Clan 2023
3%
Exotic G2
3%
Exotic G2 2023
3%
Exotic Gen.G 2023
3%
Import Grand Slam
3%
Exotic Karmine Corp
3%
Exotic Karmine Corp 2023
3%
Black Market Lantern Lift
3%
Luxury Light Show
3%
Luxury Meta-Blast
3%
Black Market Night-Mare
3%
Exotic Optic 2023
3%
Black Market Phoenix Cannon
3%
Exotic Pioneers 2023
3%
Exotic Planetary
3%
Luxury Pointbreak
3%
Base Power Chord
3%
Exotic PWR 2023
3%
Luxury Rad Rock
3%
Exotic Renegades
3%
Exotic SMPR
3%
Black Market Sphenergy
3%
Luxury Supernova I
3%
Luxury Supernova II
3%
Luxury Supernova III
3%
Luxury Tactical Nuke
3%
Exotic Team Secret 2023
3%
Exotic Version1
3%
Exotic Version1 2023
3%
Exotic Wolverine Slash
3%
Exotic WOW!
3%
Luxury Yeehaw
3%
Black Market Abracadabra
0%
Black Market Amplidude
0%
Luxury Atlantis
0%
Black Market Atomic Blip
0%
Exotic Ballistic Pro
0%
Exotic Ball-Star
0%
Base Beastbox
0%
Exotic Billy The Puppet
0%
Black Market Chemergy
0%
Exotic Chipote Chillon
0%
Exotic Chromatic Hollow
0%
Exotic Cold Front
0%
Exotic Complexity
0%
Exotic Complexity 2023
0%
Black Market Corbital
0%
Exotic Cosmic Overdrive
0%
Base Countdown
0%
Luxury Cyberspace
0%
Exotic Dark Angel
0%
Exotic Deadpool Rides Again
0%
Black Market Dunker
0%
Luxury Dust Cloud
0%
Luxury Elemental
0%
Exotic Endgame 2023
0%
Exotic Envy
0%
Exotic Evil Geniuses
0%
Exotic Evil Geniuses 2023
0%
Exotic Fire Baller
0%
Black Market Fire Clap
0%
Black Market Flame Rain
0%
Luxury Floppy Fish
0%
Base Fluorescent Fume
0%
Luxury Force Razor I
0%
Luxury Force Razor II
0%
Import Frosted Holidays
0%
Exotic Fungi Forest
0%
Black Market GodzillaxKong
0%
Exotic Ground Zero
0%
Exotic Ground Zero 2023
0%
Exotic Guild Esports 2023
0%
Black Market Heatquake
0%
Luxury Holodata
0%
Exotic In-finite
0%
Exotic Jack Skellington
0%
Luxury Kablooey
0%
Luxury Laser-Light
0%
Luxury League Legacy
0%
Luxury Lotus Bloom
0%
Exotic Luminosity 2023
0%
Exotic Mandala
0%
Exotic Miku Pop
0%
Exotic Misfits Gaming
0%
Import Nike Swoosh
0%
Exotic Optimus Prime
0%
Exotic Oxygen 2023
0%
Luxury Phoenix Fire
0%
Base Pixel Popper
0%
Base Plasma Ball
0%
Exotic Puma Blast
0%
Exotic Puzzle Cube
0%
Exotic Quadrant 2023
0%
Luxury Quasar I
0%
Luxury Quasar II
0%
Luxury Quasar III
0%
Exotic Resolve 2023
0%
Black Market Righteous Gale
0%
Black Market Rocketmancer
0%
Exotic Rogue 2023
0%
Luxury Savage Spray
0%
Exotic Seismic Charge
0%
Exotic Shark Attack
0%
Luxury Shield Breaker
0%
Luxury Smokeshow
0%
Exotic Solary 2023
0%
Luxury Spatial Rift
0%
Black Market Spellbound
0%
Base Star Chart
0%
Exotic Stay Puft
0%
Luxury Striker
0%
Luxury Striker Legend
0%
Luxury Striker Pro
0%
Import Super Bowl LVII
0%
Luxury Surge Burst
0%
Exotic Susquehanna Soniqs 2023
0%
Exotic Sweet Score
0%
Exotic Team Liquid 2023
0%
Black Market Tentagoal
0%
Exotic Tesseract
0%
Import The Dark Knight
0%
Black Market The Incredibles
0%
Luxury Tidal Rave
0%
Exotic Tundra 2023
0%
Black Market Twisted Tornado
0%
Import Vampire Bat
0%
Luxury Virused
0%
Base Vol. 11
0%
Exotic Walker World
0%
Luxury Wall Breaker I
0%
Luxury Wall Breaker II
0%
Black Market We Are Venom
0%
Exotic Whistling Birds
0%
Exotic Wing Wrath
0%
No matching quizzes found
Score Distribution
Percent of People with Each Score
Percentile by Number Answered
Your Score History
You have not taken this quiz